Statistics for 2024-2028 Electoral College Quiz

Click here to take the quiz!

General Stats

  • This quiz has been taken 53 times
  • The average score is 23 of 50

Answer Stats

VotesState% Correct
54California
100%
31Florida
100%
41Texas
100%
28New York
98%
19Illinois
91%
17Ohio
88%
19Pennsylvania
84%
16Georgia
77%
15Michigan
77%
16North Carolina
72%
14New Jersey
65%
13Virginia
63%
12Washington
58%
3Alaska
56%
3Wyoming
53%
12Arizona
51%
11Tennessee
42%
10Wisconsin
42%
11Indiana
40%
11Massachusetts
40%
3Vermont
40%
4Idaho
35%
10Missouri
35%
6Nevada
35%
9South Carolina
35%
8Alabama
33%
10Colorado
33%
4Hawaii
33%
10Maryland
33%
9Minnesota
33%
5New Mexico
33%
8Oregon
33%
3Delaware
30%
4Montana
30%
6Utah
30%
4West Virginia
30%
6Arkansas
28%
6Iowa
28%
8Kentucky
28%
4Maine
28%
3North Dakota
28%
6Kansas
26%
6Mississippi
26%
4New Hampshire
26%
7Oklahoma
26%
3South Dakota
26%
8Louisiana
23%
5Nebraska
23%
3Rhode Island
23%
7Connecticut
21%

Score Distribution

Percentile by Number Answered

Percent of People with Each Score

Your Score History

You have not taken this quiz